| 000 | 00842nam a2200217Ia 4500 | ||
|---|---|---|---|
| 005 | 20241129111417.0 | ||
| 008 | 241129s9999||||xx |||||||||||||| ||und|| | ||
| 020 | _a978-93-82553-18-2 | ||
| 037 | _aTB | ||
| 040 |
_aCRL _bhin _cCRL |
||
| 041 |
_ahin _2hin |
||
| 084 |
_aO152,1N247:g Q4 _qCRL |
||
| 100 | _aमिश्र, अल्पना, ले. | ||
| 245 | 0 |
_aस्वातन्×योततर कविता और रामदरश मिश्र का काव्य - वैशिष्ट्य _cमिश्र, अल्पना, ले. |
|
| 260 |
_aदिल्ली, भारत _bअतुल्य पब्लिकेशन्स _c2014 |
||
| 300 | _a176पृ0 | ||
| 365 |
_aINR _b350 |
||
| 650 | _aHindi literaturePoetry | ||
| 942 |
_cTB _hO152,1N247:g Q4 |
||
| 999 |
_c1230338 _d1230338 |
||